| 000 | 01352nam a2200373 i 4500 | ||
|---|---|---|---|
| 001 | 200463296 | ||
| 003 | TR-AnTOB | ||
| 005 | 20250117120257.0 | ||
| 007 | ta | ||
| 008 | 250117t20232023tu bd b 001 0 tur d | ||
| 020 |
_a9786258200492 _c(paperback) |
||
| 020 |
_a9786258200508 _c(e-book) |
||
| 035 | _a(TR-AnTOB)200463296 | ||
| 040 |
_aTR-AnTOB _beng _erda _cTR-AnTOB |
||
| 041 | 0 | _atur | |
| 050 | 4 |
_aKZ3410 _b.Z46 2023 |
|
| 090 |
_aKZ3410 _b.Z46 2023 |
||
| 100 | 1 |
_aZenginkuzucu, Dikran M., _d1970- _eauthor _9122027 |
|
| 245 | 1 | 0 |
_aUluslararası hukuk ve adalet : _byapı, ilkeler, tartışmalar, gelişmeler / _cDikran M. Zenginkuzucu. |
| 264 | 1 |
_aİstanbul : _bLegal Yayıncılık, _c2023. |
|
| 264 | 4 | _c©2023 | |
| 300 |
_axxxiv, 598 pages : _bcharts, maps, tables ; _c24 cm |
||
| 336 |
_atext _btxt _2rdacontent |
||
| 337 |
_aunmediated _bn _2rdamedia |
||
| 338 |
_avolume _bnc _2rdacarrier |
||
| 490 | 0 |
_aLegal Hukuk kitapları Serisi ; _v725 |
|
| 504 | _aBIBINDX | ||
| 650 | 0 |
_aUluslararası hukuk _922166 |
|
| 650 | 0 |
_aAdalet _937175 |
|
| 650 | 7 |
_aAdalet yönetimi _2etuturkob _9147899 |
|
| 856 | 4 | 0 |
_3Legal (Also available online) _zOnline access link to the resource _uhttps://legal-com-tr.ezproxy.etu.edu.tr/Book/t2booZAPw0G2kdNPF49QxA/4f544d6a402e42c3a6078e00322f26e1?s=zenginkuzucu |
| 942 |
_2lcc _cBK |
||
| 999 |
_c200463296 _d81508 |
||